Planeamiento de carrera en el sector administrativo no asistencial del Hospital Municipal de Agudos Dr. Leónidas Lucero /

Guardado en:
Otros Autores: Latini, Anahí Carolina. (Disertante), Pasquaré, Claudia Gabriela. (Orientador)
Formato: Manuscrito
Idioma:Spanish
Publicado: 2007.
Materias:
Etiquetas: Agregar Etiqueta
Sin Etiquetas, Sea el primero en etiquetar este registro!
LEADER 01164ntm a22002535a 4500
001 EAD.ead001149
008 071206s2007####ag#######bm###000#0#spa#d
005 20090211112200.0
245 1 0 |a Planeamiento de carrera en el sector administrativo no asistencial del Hospital Municipal de Agudos Dr. Leónidas Lucero /  |c Anahí Carolina Latini. 
260 |c 2007. 
300 |a 65 h. ;  |c 30 cm. 
502 |a Tesis (licenciatura)--Universidad Nacional del Sur. Departamento de Ciencias de la Administración, 2007. 
500 |a Director de tesis: Claudia Pasquaré. 
504 |a Incluye referencias bibliográficas. 
530 |a También disponible en formato digital. 
100 1 |a Latini, Anahí Carolina.  |4 dis 
700 1 |a Pasquaré, Claudia Gabriela.  |4 ths 
710 2 |a Universidad Nacional del Sur.  |b Departamento de Ciencias de la Administración  |4 dgg. 
082 0 4 |a 658.3124  |2 21 
650 7 |a Carrera profesional.  |2 isoc 
650 7 |a Administración profesional.  |2 unbist 
653 |a Tesis digitales 
859 |a AR-BaBDC  |b BIB. ADMINISTRACION - Tesis  |h 658.3124  |i L348  |k T  |p b05642 
859 |a AR-BaBDC  |b BIB. ADMINISTRACION - Tesis  |h 658.3124  |i L348  |k T  |p b05815  |v CD  |3 CD-ROM